| 000 | 01054nam a22003257a 4500 | ||
|---|---|---|---|
| 999 |
_c29440 _d29411 |
||
| 003 | EG-ScBUE | ||
| 005 | 20210920123347.0 | ||
| 008 | 200219t2003 nyua f 000 0 eng d | ||
| 020 | _a9780071124355 | ||
| 020 | _a0071124357 | ||
| 040 |
_aEG-ScBUE _beng _erda _cEG-ScBUE _dEG-ScBUE |
||
| 082 | 0 | 4 |
_a428.34 _bINT _222 |
| 245 | 1 | 0 |
_aInteractions. _n2, _pIntegrated skills / _cLinda R. Baker (and nine others) |
| 246 | 3 | 3 | _aIntegrated skills |
| 250 | _aInternational edition. | ||
| 264 | 1 |
_aNew York : _bMcGraw Hill , _c[2003] |
|
| 264 | 4 | _cc2003 | |
| 300 |
_axii, 307 pages : _bIllustrations ; _c28 cm |
||
| 336 |
_2rdacontent _atext _btxt |
||
| 337 |
_2rdamedia _aunmediated _bn |
||
| 338 |
_2rdacarrier _avolume _bnc |
||
| 500 | _aIncludes appendix. | ||
| 650 | 7 |
_aEnglish language _vTextbooks for foreign speakers. _2BUEsh |
|
| 650 | 7 |
_aEnglish language _xSpoken English. _2BUEsh |
|
| 653 |
_aEG-ScBUE _cSeptember2021 _bHHUUEENN |
||
| 655 |
_vReading book _934232 |
||
| 700 | 1 |
_aBaker, Linda R., _eauthor. |
|
| 942 |
_2ddc _cBB |
||